A Portrait of The Artist As A Young Man / (Record no. 167490)
[ view plain ]
| 000 -LEADER | |
|---|---|
| fixed length control field | 00551nam a22001817a 4500 |
| 005 - DATE AND TIME OF LATEST TRANSACTION | |
| control field | 20220217163213.0 |
| 010 ## - LCCN (DPL NO) | |
| LC control number | ENG-126419 |
| 020 ## - INTERNATIONAL STANDARD BOOK NUMBER | |
| International Standard Book Number | 978-93-50330-51-7 |
| Terms of availability | 150.00 |
| 035 ## - SYSTEM CONTROL NUMBER | |
| System control number | EN-109951 |
| 037 ## - SOURCE OF ACQUISITION | |
| Source of stock number/acquisition | DBAD/PUB |
| 082 ## - DEWEY DECIMAL CLASSIFICATION NUMBER | |
| Classification number | 920 |
| 100 ## - MAIN ENTRY--PERSONAL NAME | |
| Personal name | Joyce,James |
| 245 ## - TITLE STATEMENT | |
| Title | A Portrait of The Artist As A Young Man / |
| Statement of responsibility, etc | by James Joyce |
| 260 ## - PUBLICATION, DISTRIBUTION, ETC. (IMPRINT) | |
| Place of publication, distribution, etc | U.P |
| Name of publisher, distributor, etc | Maple Press |
| Date of publication, distribution, etc | 2017 |
| 270 ## - ADDRESS | |
| City | Noida |
| Address | A-63,Secter 58, |
| Postal code | 201301 |
| Telephone number | +91 120 4553581 |
| -- | 4553583 |
| Electronic mail address | info@maplepress.co.in |
| 300 ## - PHYSICAL DESCRIPTION | |
| Extent | 280p. |
| Dimensions | 22cm(pbk) |
| 942 ## - ADDED ENTRY ELEMENTS (KOHA) | |
| Source of classification or shelving scheme | Dewey Decimal Classification |
| Item type | English Books |
| Classification part | 920 |
| Call number suffix | JOY |
| Withdrawn status | Lost status | Not for loan | Collection code | Home library | Current library | Date acquired | Source of acquisition | Cost, normal purchase price | Full call number | Barcode | Copy number | Cost, replacement price | Koha item type |
|---|---|---|---|---|---|---|---|---|---|---|---|---|---|
| Non-fiction | Ashok Vihar | Ashok Vihar | 05/09/2019 | DBAD/PUB | 150.00 | 920 Yoy | EN-109951 | 1 | 150.00 | English Books |
